Short history of the middle East: from the rise of Islam to modern times. (Record no. 412687)

000 -LEADER
fixed length control field 00378cam a22001217a 4500
008 - FIXED-LENGTH DATA ELEMENTS--GENERAL INFORMATION
fixed length control field 180718b1948 xxu||||| |||| 00| 0 eng d
082 ## - DEWEY DECIMAL CLASSIFICATION NUMBER
Classification number A6x56 K634 c.2
100 ## - MAIN ENTRY--PERSONAL NAME
Personal name Kirk, George E.
245 ## - TITLE STATEMENT
Title Short history of the middle East: from the rise of Islam to modern times.
Statement of responsibility, etc. by George E. Kirk
260 ## - PUBLICATION, DISTRIBUTION, ETC.
Place of publication, distribution, etc. London
Name of publisher, distributor, etc. Methuen
Date of publication, distribution, etc. 1948
300 ## - PHYSICAL DESCRIPTION
Extent 308p
650 ## - SUBJECT ADDED ENTRY--TOPICAL TERM
Topical term or geographic name entry element Middle East -History.
Holdings
Withdrawn status Lost status Damaged status Not for loan Permanent Location Current Location Date acquired Full call number Barcode Date last seen Price effective from Koha item type
        Indian Institute of Public Administration Indian Institute of Public Administration 2009-02-09 A6x56 K634 c.2 15666 2018-07-21 2018-07-21 Book

Powered by Koha